000
00311nam a22001217a 4500
999
_c
2635
_d
2635
008
200312b ||||| |||| 00| 0 eng d
100
_9
2227
_a
Mandal
245
1
0
_a
Continuous and discrete time signals
260
_a
Cambridge:
_b
Cambridge University Press
_c
c
300
_a
x
650
0
_a
Mathematics
942
_c
BK